Iron Man Cast - Statistics

General Stats
  • This quiz has been taken 17 times
  • The average score is 6 of 10
Answer Stats
Character Actor % Correct
Tony Stark Robert Downey Jr.
100%
Nick Fury Samuel L. Jackson
94%
Pepper Potts Gwyneth Paltrow
88%
Obadiah Stane Jeff Bridges
69%
Happy Hogan Jon Favreau
69%
Jarvis Paul Bettany
69%
Phil Coulson Clark Gregg
56%
James Rhodes Terrence Howard
56%
Raza Faran Tahir
19%
Ho Yinsen Shaun Toub
13%
No matching quizzes found
Score Distribution
Percent of People with Each Score
Percentile by Number Answered
Your Score History
You have not taken this quiz